00358nam a2200157Ia 4500008004100000082002100041100002000062245001500082250000600097260001900103300000800122600002000130630001500150700002000165730001500185151018s9999 xx 000 0 und d bRBASDV47530a824 aSibnarayan Ray aRadicalsim b1 bRadiancec2007 a175 aSibnarayan Ray aRadicalsim aSibnarayan Ray aRadicalsim